000 00439nam a2200193Ia 4500
005 20240823041115.0
008 240823s9999||||xx |||||||||||||| ||und||
020 _a978-81-7476-167-5
041 _aENGLISH
082 _A320.954 Q2
100 _aNani A Palkhivala
245 0 _aWe The People
250 _a31st
260 _c2012
_bUBS Publi
500 _aYES
650 _aWe The People
_bEnglish
942 _cBK
999 _c204706
_d204706